000 00370 a2200109 4500
001 ART_2742
005 20260410161710.0
008 260409a
245 1 0 _aCómo comienza el crecimiento económico: una teoría general aplicada al japón
100 1 _aHagen, Everett E.
773 0 _tDesarrollo económico
_g- Vol. 2, Nº 2 (jul./sep. 1962)
_wREV1174
999 _c15958
_d15958